OPAC Home

බුදුන් නොහදුනන ඉන්දියාවේ දකුණු දේශය (Record no. 1051)

MARC details
000 -LEADER
fixed length control field 00550nam a2200181Ia 4500
003 - CONTROL NUMBER IDENTIFIER
control field LK-CoDNM
005 - DATE AND TIME OF LATEST TRANSACTION
control field 20241211132046.0
008 - FIXED-LENGTH DATA ELEMENTS--GENERAL INFORMATION
fixed length control field 180921t2016 xxu||||| |||| 00| 0 sin d
040 ## - CATALOGING SOURCE
Original cataloging agency LK-CoDNM
Modifying agency LK-CoDNM
Description conventions LK-CoDNM
Transcribing agency 165094
041 ## - LANGUAGE CODE
Language code of text/sound track or separate title sin
080 ## - UNIVERSAL DECIMAL CLASSIFICATION NUMBER
Universal Decimal Classification number 934
Item number CHO
100 ## - MAIN ENTRY--PERSONAL NAME
Personal name Choolawansa, P.S.T.
245 ## - TITLE STATEMENT
Title බුදුන් නොහදුනන ඉන්දියාවේ දකුණු දේශය
246 ## - VARYING FORM OF TITLE
Title proper/short title Budun Nohadunana Indiyawe Dakunu Deshaya
260 ## - PUBLICATION, DISTRIBUTION, ETC.
Name of publisher, distributor, etc. Godage
Place of publication, distribution, etc. Colombo
Date of publication, distribution, etc. 2016
300 ## - PHYSICAL DESCRIPTION
Other physical details 256p, 23cm
942 ## - ADDED ENTRY ELEMENTS (KOHA)
Koha item type Books
Source of classification or shelving scheme Universal Decimal Classification
Holdings
Withdrawn status Lost status Source of classification or shelving scheme Damaged status Not for loan Collection Home library Current library Shelving location Date acquired Total Checkouts Full call number Barcode Date last seen Price effective from Koha item type
    Universal Decimal Classification Damaged   Old Books Collection Library National Museum Colombo - Sri Lanka Library National Museum Colombo - Sri Lanka Reference 2024-12-11   934 CHO OB11723 2024-12-11 2024-12-11 Books
Copyright © 2023 Department of National Museum, Colombo 07, Sri Lanka Funded by UNESCO IFAP UNESCO